| 000 | 00392cam a2200145ua 4500 | ||
|---|---|---|---|
| 041 |
_aeng _h |
||
| 082 |
_a823.301 _bLES/EN |
||
| 100 | _aLeskov, Nikolai . | ||
| 245 |
_aEnchanted wanderer and other stories / _cNikolai Leskov. _hTextual Documents |
||
| 260 |
_aMoscow : _bForeign Language Publishing House , _c1973. |
||
| 300 | _a346 ; . | ||
| 504 | _a | ||
| 942 | _cBK | ||
| 999 |
_c6068 _d6068 |
||